Tropical Indian medicinal plants : (Record no. 49223)
[ view plain ]
| 000 -LEADER | |
|---|---|
| fixed length control field | 00598nam a2200229Ia 4500 |
| 003 - CONTROL NUMBER IDENTIFIER | |
| control field | OSt |
| 005 - DATE AND TIME OF LATEST TRANSACTION | |
| control field | 20231010154115.0 |
| 008 - FIXED-LENGTH DATA ELEMENTS--GENERAL INFORMATION | |
| fixed length control field | 210329s9999||||xx |||||||||||||| ||und|| |
| 040 ## - CATALOGING SOURCE | |
| Transcribing agency | STCPL |
| 041 ## - LANGUAGE CODE | |
| Language code of text/sound track or separate title | English |
| 082 ## - DEWEY DECIMAL CLASSIFICATION NUMBER | |
| Classification number | 581.634 095 |
| Item number | SUM-T |
| 100 ## - MAIN ENTRY--PERSONAL NAME | |
| Personal name | Oommen, Sumy |
| 100 ## - MAIN ENTRY--PERSONAL NAME | |
| Personal name | Ved, D. K. |
| 100 ## - MAIN ENTRY--PERSONAL NAME | |
| Personal name | Krishnan, R. |
| 245 #0 - TITLE STATEMENT | |
| Title | Tropical Indian medicinal plants : |
| Remainder of title | propagation methods / |
| Statement of responsibility, etc. | by Sumy Oommen, D. K. Ved and R. Krishnan |
| 260 ## - PUBLICATION, DISTRIBUTION, ETC. | |
| Place of publication, distribution, etc. | Banglore : |
| Name of publisher, distributor, etc. | Frlht, |
| Date of publication, distribution, etc. | 2000. |
| 300 ## - PHYSICAL DESCRIPTION | |
| Extent | 351 p. |
| Other physical details | Paper Back |
| 650 ## - SUBJECT ADDED ENTRY--TOPICAL TERM | |
| Topical term or geographic name entry element | Botany |
| 650 ## - SUBJECT ADDED ENTRY--TOPICAL TERM | |
| Topical term or geographic name entry element | Medicinal plants |
| 942 ## - ADDED ENTRY ELEMENTS (KOHA) | |
| Koha item type | Books |
| 942 ## - ADDED ENTRY ELEMENTS (KOHA) | |
| Source of classification or shelving scheme | Dewey Decimal Classification |
| Withdrawn status | Lost status | Source of classification or shelving scheme | Damaged status | Collection code | Not for loan | Home library | Current library | Shelving location | Date acquired | Cost, normal purchase price | Total Checkouts | Total Renewals | Full call number | Barcode | Date last seen | Date last checked out | Price effective from | Koha item type |
|---|---|---|---|---|---|---|---|---|---|---|---|---|---|---|---|---|---|---|
| Dewey Decimal Classification | Botany | ST. THOMAS COLLEGE LIBRARY, PALAI | ST. THOMAS COLLEGE LIBRARY, PALAI | Life Sciences | 2021-07-10 | 800.00 | 1 | 1 | 581.634 095 SUM-T | 63333 | 2024-02-20 | 2024-02-19 | 2021-07-10 | Books |
